| 000 | 00000nam 2200000zi 4500 |
| 001 | 9.560679 |
| 003 | CaOODSP |
| 005 | 20230131161132 |
| 007 | cr ||||||||||| |
| 008 | 150406s2006 xxc|||||o f|0| 0 eng d |
| 020 | |a066243479X |
| 040 | |aCaOODSP|beng |
| 043 | |an-cn--- |
| 086 | 1 |aM44-2006/C2E-PDF |
| 100 | 1 |aCadieux, Anne-Marie,|d1959- |eauthor. |
| 245 | 10|aCharacterization of hydrothermal alterations at the Red Lake mine, northwestern Ontario / |cA.-M. Cadieux [et al.]. |
| 264 | 1|aOttawa, Ontario : |bNatural Resources Canada, |c2006. |
| 300 | |a1 online resource (16 pages) : |bcoloured map, figure, graphs, references, tables, photographs. |
| 336 | |atext|btxt|2rdacontent |
| 337 | |acomputer|bc|2rdamedia |
| 338 | |aonline resource|bcr|2rdacarrier |
| 490 | 1 |aCurrent research 2006 ; |v2006-C2 |
| 546 | |aRésumé en français. |
| 590 | |a06-35|b2006-09-01 |
| 690 | 07|aMinerals|2gcpds |
| 690 | 07|aMining industry|2gcpds |
| 690 | 07|aNorthern Canada|2gcpds |
| 710 | 2 |aGeological Survey of Canada, |eissuing body. |
| 830 | #0|aCurrent research (Geological Survey of Canada)|v2006-C2|w(CaOODSP)9.506236 |
| 856 | 40|ahttp://publications.gc.ca|qPDF|s4527 KB|uhttps://publications.gc.ca/collections/Collection/M44-2006-C2E.pdf|y2006-C2 |